Alcaldes de Bogotá - Estadísticas

Estadísticas generales
  • Esta prueba ha sido intentada 18 veces
  • La puntuación promedio es 9 de 12
Estadísticas de respuestas
Periodo Alcalde % Correcto
2024-2028 Carlos Fernando Galán
100%
2020-2024 Claudia López Hernández
100%
2012-2016 Gustavo Petro Urrego
100%
1998-2001 Enrique Peñalosa Londoño
93%
2016-2020 Enrique Peñalosa Londoño
93%
2008-2012 Samuel Moreno Rojas
80%
1995-1998 Antanas Mockus Sivickas
73%
2001-2004 Antanas Mockus Sivickas
73%
2004-2008 Luis Eduardo Garzón
60%
1988-1990 Andrés Pastrana Arango
53%
1992-1995 Jaime Castro Castro
20%
1990-1992 Juan Martín Caicedo Ferrer
20%
No se encontraron pruebas coincidentes
Distribución de puntuación
Porcentaje de gente con cada puntuación
Porcentaje por número respondido
Historial de tus puntuaciones
No has intentado esta prueba.